Robot Safety. International Trends in Manufacturing Technology

Enregistré dans:
Détails bibliographiques
Format: Livre
Publié: Berlin : Springer Verlag, 1985
Tags: Ajouter un tag
Pas de tags, Soyez le premier à ajouter un tag!

MARC

LEADER 00000nam a22000003a 4500
001 stu48580
005 20150408180107.9
008 ------s1985----gw----------------------d
040 |a STU  |b slo 
041 0
044 |a gw 
080 |a 621.865.8  |7 A000003983 
245 |a Robot Safety. International Trends in Manufacturing Technology 
260 |a Berlin :  |b Springer Verlag,  |c 1985 
300 |a 295 s 
996 |b J83816  |c J*83816/K 3  |l JJK3  |s P  |a 0  |w stu48580_0001